000 00542nam a2200205Ia 4500
008 140110s9999 xx 000 0 und d
020 _a9788120343825
_cRs.295.00
040 _aLoreto College
041 _aEnglish
082 _a370.71/MOH
_bLCBED/14758
100 _aMohan,Radha
245 _aTeacher education
_cRadha Mohan
260 _aNew Delhi
_bPHI Learning
_c2011
300 _axvi,296p.
_c22c.m.
504 _aIncludes index
650 _aEducation
651 _aTeacher training
850 _a370.71/MOH/14758
942 _cBK
999 _c37790
_d88269